Central Library OPAC University of Rajshahi

The age of Grey and Peel / (Record no. 42372)

MARC details
000 -LEADER
fixed length control field 01079nam a2200289 a 4500
001 - CONTROL NUMBER
control field 42372
003 - CONTROL NUMBER IDENTIFIER
rucl marc code BD-RjUL
005 - DATE AND TIME OF LATEST TRANSACTION
control field 20211209053530.0
008 - FIXED-LENGTH DATA ELEMENTS--GENERAL INFORMATION
fixed length control field 160611r19641929enk b 000 0 eng
035 ## - SYSTEM CONTROL NUMBER
System control number (BD-RjUL)42490
040 ## - CATALOGING SOURCE
Original cataloging agency DLC
Transcribing agency FO
Modifying agency OCoLC
-- BD-RjUL
Language of cataloging eng
041 ## - LANGUAGE CODE
Language code of text/sound track or separate title eng
082 ## - DEWEY DECIMAL CLASSIFICATION NUMBER
Classification number 942.07
Edition number 19
Author mark and year DAA 1964
100 1# - MAIN ENTRY--PERSONAL NAME
Personal name Davis, H. W. Carless
Fuller form of name (Henry William Carless),
Dates associated with a name 1874-1928.
9 (RLIN) 130316
245 14 - TITLE STATEMENT
Title The age of Grey and Peel /
Statement of responsibility, etc. by H.W. Carless Davis. With an introd. by G.M. Trevelyan.
260 ## - PUBLICATION, DISTRIBUTION, ETC. (IMPRINT)
Place of publication, distribution, etc. Oxford :
Name of publisher, distributor, etc. Clarendon Press,
Date of publication, distribution, etc. 1964
300 ## - PHYSICAL DESCRIPTION
Pagination ix, 347 p.;
Size 23 cm.
490 0# - SERIES STATEMENT
Series statement Ford lectures for 1926
500 ## - GENERAL NOTE
General note First published 1929, reprinted lithographically ... from sheets of the first edition."
504 ## - BIBLIOGRAPHY, ETC. NOTE
Bibliography, etc Bibliographical footnotes.
650 #0 - SUBJECT ADDED ENTRY--TOPICAL TERM
Topical term or geographic name as entry element Political parties
Geographic subdivision Great Britain.
9 (RLIN) 130317
651 #0 - SUBJECT ADDED ENTRY--GEOGRAPHIC NAME
Geographic name Great Britain
General subdivision Politics and government
Chronological subdivision 19th century.
9 (RLIN) 128458
Geographic name Great Britain
General subdivision Politics and government
Chronological subdivision 1760-1820.
9 (RLIN) 128457
830 #0 - SERIES ADDED ENTRY--UNIFORM TITLE
Uniform title Ford lectures ;
Volume number/sequential designation 1926.
942 ## - ADDED ENTRY ELEMENTS (KOHA)
Source of classification or shelving scheme Dewey Decimal Classification
Koha item type Books
Holdings
Lost status Source of classification or shelving scheme Damaged status Not for loan Collection code Permanent Location Current Location Shelving location Date acquired Source of acquisition Total Checkouts Full call number Date last seen Copy number Koha item type
  Dewey Decimal Classification     Non-fiction Central Library, University of Rajshahi Central Library, University of Rajshahi   09/09/1985 Gift   942.07 DAA 1964 12/06/2016 C-2 Books